[Event "Vårsjakken i Tromsø NGP 2025"]
[Site "Kongsbakken"]
[Date "2025.03.22"]
[Round "4"]
[White "Halvorsen, Benjamin"]
[Black "Schouten, Mathias L."]
[Result "0-1"]
[WhiteElo "1966"]
[BlackElo "2279"]
[PlyCount "88"]
[EventDate "2025.??.??"]

1. e4 c5 2. Nf3 e6 3. g3 d5 4. exd5 exd5 5. d4 Nc6 6. Bg2 Bg4 7. Qe2+ Be7 8.
dxc5 Nf6 9. O-O O-O 10. Nc3 Bxc5 11. Bg5 h6 12. Bxf6 Qxf6 13. Qb5 Bxf3 14. Qxc5
Rad8 15. Bxf3 Qxf3 16. Rfe1 d4 17. Ne4 Rfe8 18. Nd6 Rxe1+ 19. Rxe1 b6 20. Qf5
Qxf5 21. Nxf5 Kf8 22. a3 Rd5 23. Nh4 Ne5 24. Kg2 Nc4 25. Rb1 Rb5 26. Nf3 Rxb2
27. Rxb2 Nxb2 28. Nxd4 Nc4 29. a4 a6 30. Nc6 a5 31. Kf3 Nb2 32. Ke4 Nxa4 33.
Kd4 Nb2 34. f4 Ke8 35. Kc3 Nd1+ 36. Kc4 Ne3+ 37. Kd3 Nf1 38. Ke2 Nxh2 39. Ne5
h5 40. Nc4 a4 41. Kd3 Nf1 42. Nxb6 a3 43. Kc3 Nxg3 44. Kb3 h4 0-1

[Event "Vårsjakken i Tromsø NGP 2025"]
[Site "Kongsbakken"]
[Date "2025.03.21"]
[Group "A"]
[Table "1"]
[Round "4"]
[White "Sivert Schanche Tørfoss"]
[Black "Pål Nikolai Røyset"]
[WhiteElo "2141"]
[BlackElo "2094"]
[Result "1-0"]

1. d4 c5 2. d5 e5 3. e4 Nf6 4. Nc3 d6 5. Nf3 Be7 6. Nd2 O-O 7. Bd3 Na6 8. O-O Nc7 9. a4 b6 10. Nc4 Ba6 11. Ne3 Bxd3 12. Qxd3 g6 13. Nc4 Nh5 14. Bh6 Re8 15. Ne2 Bf8 16. Bxf8 Rxf8 17. f4 exf4 18. Nxf4 Nf6 19. Rae1 Nd7 20. Qc3 Qe7 21. e5 Nxe5 22. Nxe5 dxe5 23. Rxe5 Qd6 24. Nh5 f6 25. Rg5 Ne8 26. Rg3 Qxd5 27. Nf4 Qf7 28. Rd1 f5 29. Nd5 Nd6 30. Rgd3 Rad8 31. a5 c4 32. Re3 Ne4 33. Qxc4 bxa5 34. Red3 Rd7 35. Rd4 Kg7 36. Qd3 Rfd8 37. c4 Rd6 38. h3 Kg8 39. Qa3 Kg7 40. Qxa5 Ng3 41. Qe1 Ne4 42. Qa5 Ng3 43. Qe1 Ne4 44. b4 Qb7 45. Rxe4 fxe4 46. Qc3+ Kh6 47. Qe3+ g5 48. Qxe4 Qf7 49. Rf1 Qg6 50. Qe7 R6d7 51. Qe3 Rf7 52. Re1 Rdf8 53. Qg3 Qf5 54. Kh2 Qf2 55. Re6+ Kg7 56. Qe5+ Kg8 57. Ne7+ Rxe7 58. Rxe7 Qf4+ 59. Qxf4 Rxf4 60. Rc7 h6 61. b5 Rf7 62. Rxf7 Kxf7 63. Kg3 Ke6 64. c5 h5 65. Kf3 Kd5 66. c6 Kd6 67. Ke4 1-0

[Event "Vårsjakken i Tromsø NGP 2025"]
[Site "Kongsbakken"]
[Date "2025.03.22"]
[Round "4"]
[White "Wiger-Nordås, Felix"]
[Black "Hammari, Vinjar"]
[Result "0-1"]
[WhiteElo "2058"]
[BlackElo "2029"]
[PlyCount "54"]
[EventDate "2025.??.??"]

1. e4 c6 2. d4 d5 3. Nc3 dxe4 4. Nxe4 Nf6 5. Nxf6+ exf6 6. c3 Bd6 7. Bd3 O-O 8.
Qc2 Re8+ 9. Ne2 h5 10. Be3 Nd7 11. O-O-O Nf8 12. h3 Be6 13. Nf4 Bxf4 14. Bxf4
Bd5 15. Rhg1 b5 16. f3 a5 17. b3 a4 18. c4 axb3 19. axb3 bxc4 20. bxc4 Ne6 21.
Bd2 Nxd4 22. Qc3 Qb6 23. Rge1 Nb3+ 24. Kc2 Ra2+ 25. Kb1 Nxd2+ 26. Kxa2 Ra8+ 27.
Qa3 Qb3+ 0-1

[Event "Vårsjakken i Tromsø NGP 2025"]
[Site "Kongsbakken"]
[Date "2025.03.22"]
[Round "4"]
[White "Gulljord, Birk"]
[Black "Remman, Frank"]
[Result "0-1"]
[WhiteElo "1876"]
[BlackElo "1859"]
[PlyCount "68"]
[EventDate "2025.??.??"]

1. d4 d5 2. c4 e6 3. Nf3 Nf6 4. g3 c6 5. Bg2 Bb4+ 6. Bd2 Be7 7. O-O dxc4 8. Qc2
b5 9. a4 Bb7 10. e4 a6 11. e5 Nd5 12. b3 cxb3 13. Qxb3 Nd7 14. Nc3 N7b6 15.
Nxd5 Nxd5 16. Ne1 Qb6 17. Bxd5 Qxd4 18. Bxe6 fxe6 19. Bc3 Qe4 20. Ng2 c5 21. f3
Qd5 22. Qxd5 exd5 23. axb5 axb5 24. Rxa8+ Bxa8 25. Ra1 O-O 26. Ra7 Re8 27. Nf4
d4 28. Ba1 Bxf3 29. Kf2 Be4 30. Ne6 Bf8 31. Nc7 Rxe5 32. Nxb5 Bd3 33. Nxd4 cxd4
34. Bxd4 Bc5 0-1

[Event "Vårsjakken i Tromsø NGP 2025"]
[Site "Kongsbakken"]
[Date "2025.03.22"]
[Round "4"]
[White "Andersen, Daniel H."]
[Black "Solbu, August"]
[Result "1-0"]
[WhiteElo "1673"]
[BlackElo "1873"]
[PlyCount "41"]
[EventDate "2025.??.??"]

1. e4 c5 2. c3 d5 3. exd5 Qxd5 4. d4 Nf6 5. Nf3 Bg4 6. dxc5 Qxd1+ 7. Kxd1 e5 8.
b4 e4 9. h3 Bh5 10. g4 Nxg4 11. hxg4 Bxg4 12. Nbd2 exf3 13. Bc4 Nd7 14. Re1+
Be7 15. Bd5 Rd8 16. Bxb7 Kf8 17. Kc2 h5 18. Nxf3 Bxc5 19. bxc5 Nxc5 20. Ba3
Bf5+ 21. Kc1 1-0

[Event "Vårsjakken i Tromsø NGP 2025"]
[Site "Kongsbakken"]
[Date "2025.03.22"]
[Round "4"]
[White "Bakke, Oskar"]
[Black "Atoyan, Vahe"]
[Result "0-1"]
[WhiteElo "1721"]
[BlackElo "1866"]
[PlyCount "92"]
[EventDate "2025.??.??"]

1. e4 c5 2. Nf3 g6 3. d4 cxd4 4. Nxd4 Bg7 5. c3 d6 6. Bd3 Nf6 7. O-O O-O 8. h3
Nc6 9. Kh1 Ne8 10. Be3 Nxd4 11. cxd4 Qb6 12. Bc4 Qxb2 13. Nd2 Qb6 14. Rb1 Qd8
15. f4 b6 16. Bd5 Rb8 17. Qa4 Bb7 18. Qxa7 Bxd5 19. exd5 Nf6 20. Rb5 Ra8 21.
Qb7 Rxa2 22. Rfb1 Ra5 23. Nc4 Rxb5 24. Rxb5 Qc8 25. Qc6 Qf5 26. g4 Qe4+ 27. Kh2
Qf3 28. Rb2 Ne4 29. Rg2 Rb8 30. Qb5 Nc3 31. Qb2 Nxd5 32. Rf2 Qe4 33. Qc2 Qxc2
34. Rxc2 b5 35. Rb2 Nxe3 36. Nxe3 Bxd4 37. Rb3 Bxe3 38. Rxe3 Kf8 39. Kg2 b4 40.
Rb3 Ke8 41. Kf3 d5 42. f5 gxf5 43. gxf5 Kd7 44. Kf4 f6 45. Ke3 e5 46. fxe6+
Kxe6 0-1

[Event "Vårsjakken i Tromsø NGP 2025"]
[Site "Kongsbakken"]
[Date "2025.03.22"]
[Round "5"]
[White "Schouten, Mathias L."]
[Black "Wiger-Nordås, Felix"]
[Result "1-0"]
[WhiteElo "2279"]
[BlackElo "2058"]
[PlyCount "75"]
[EventDate "2025.??.??"]

1. d4 Nf6 2. c4 g6 3. Nc3 Bg7 4. e4 O-O 5. Nf3 d6 6. Be2 Bg4 7. Be3 Nfd7 8. Ng1
Bxe2 9. Ngxe2 Nc6 10. Qd2 e5 11. d5 Ne7 12. O-O-O a6 13. g4 b5 14. h4 Nb6 15.
Bxb6 cxb6 16. cxb5 axb5 17. Kb1 Qd7 18. Qd3 b4 19. Qb5 Qxg4 20. Qxb4 Nc8 21.
Nc1 f5 22. Rdg1 Qf3 23. h5 gxh5 24. Rh2 fxe4 25. Rg3 Qf5 26. Rhg2 Ra7 27. Rg5
Qf3 28. R5g3 Qf5 29. Nxe4 h6 30. Nd3 h4 31. Re3 Qh5 32. Rg1 Ra5 33. Nxd6 Kh8
34. Nxc8 Rxc8 35. Qe7 Rg8 36. Qe6 Re8 37. Qxb6 Rxd5 38. Qb7 1-0

[Event "Vårsjakken i Tromsø NGP 2025"]
[Site "Kongsbakken"]
[Date "2025.03.22"]
[Round "5"]
[White "Hammari, Vinjar"]
[Black "Tørfoss, Sivert S."]
[Result "1/2-1/2"]
[WhiteElo "2029"]
[BlackElo "2141"]
[PlyCount "43"]
[EventDate "2025.??.??"]

1. d4 Nf6 2. Nf3 e6 3. c4 b6 4. g3 Bb4+ 5. Bd2 Be7 6. Nc3 c6 7. Bg2 d5 8. Ne5
O-O 9. O-O Bb7 10. cxd5 cxd5 11. Rc1 Nbd7 12. Bf4 Rc8 13. Qd3 Nxe5 14. Bxe5 Qd7
15. Rc2 Rc4 16. b3 Rc6 17. Bxf6 Bxf6 18. e4 Rfc8 19. Rfc1 dxe4 20. Bxe4 R6c7
21. Bxb7 Rxb7 22. Ne4 1/2-1/2

[Event "Vårsjakken i Tromsø NGP 2025"]
[Site "Kongsbakken"]
[Date "2025.03.22"]
[Round "5"]
[White "Røyset, Pål"]
[Black "Remman, Frank"]
[Result "1-0"]
[WhiteElo "2094"]
[BlackElo "1859"]
[PlyCount "63"]
[EventDate "2025.??.??"]

1. e4 c5 2. Nf3 e6 3. Nc3 Nc6 4. Bb5 Qc7 5. O-O a6 6. Bxc6 Qxc6 7. d4 cxd4 8.
Nxd4 Qc7 9. Bg5 b5 10. Re1 Bb7 11. Nd5 Bxd5 12. exd5 Be7 13. Bxe7 Nxe7 14. d6
Qxd6 15. Nxe6 Qxe6 16. Rxe6 fxe6 17. Qh5+ Ng6 18. Rd1 d5 19. Qg4 Kf7 20. Re1
Rhe8 21. h4 Rad8 22. h5 Nf8 23. Re3 Kg8 24. a4 Rc8 25. Rg3 Re7 26. axb5 axb5
27. Qb4 Rb7 28. Rf3 h6 29. c3 Re8 30. Qd6 Reb8 31. Rf4 Rb6 32. Rxf8+ 1-0

[Event "Vårsjakken i Tromsø NGP 2025"]
[Site "Kongsbakken"]
[Date "2025.03.22"]
[Round "5"]
[White "Solbu, August"]
[Black "Halvorsen, Benjamin"]
[Result "1/2-1/2"]
[WhiteElo "1873"]
[BlackElo "1966"]
[PlyCount "24"]
[EventDate "2025.??.??"]

1. e4 d6 2. Nc3 Nf6 3. f4 g6 4. Nf3 Bg7 5. d4 c5 6. Bb5+ Bd7 7. e5 Ng4 8. e6
fxe6 9. Ng5 Bxb5 10. Nxe6 Bxd4 11. Nxd8 Bf2+ 12. Kd2 Be3+ 1/2-1/2

[Event "Vårsjakken i Tromsø NGP 2025"]
[Site "Kongsbakken"]
[Date "2025.03.22"]
[Round "5"]
[White "Bakke, Oskar"]
[Black "Gulljord, Birk"]
[Result "1/2-1/2"]
[WhiteElo "1721"]
[BlackElo "1876"]
[PlyCount "89"]
[EventDate "2025.??.??"]

1. b3 e5 2. Bb2 Nc6 3. e3 Nf6 4. d4 exd4 5. exd4 d5 6. Be2 Bf5 7. Nf3 Nb4 8.
Na3 c6 9. c3 Na6 10. Bxa6 bxa6 11. Qe2+ Be7 12. Qxa6 Qb6 13. Qe2 O-O 14. O-O
Rfe8 15. Ne5 Ne4 16. Qf3 Bg6 17. Nxg6 hxg6 18. Qd3 Rad8 19. f3 Nd6 20. Rfe1 Nf5
21. Nc2 Bh4 22. g3 Bg5 23. Rxe8+ Rxe8 24. Re1 Qb8 25. Rxe8+ Qxe8 26. Kf2 Qd7
27. Qe2 Nd6 28. Kg2 Qf5 29. h4 Bf6 30. Ne3 Qb1 31. Ba3 Nb5 32. Bb4 Nc7 33. Ng4
Ne6 34. Nxf6+ gxf6 35. Be7 Qf5 36. Bd6 Kg7 37. g4 Nf4+ 38. Bxf4 Qxf4 39. Qd3
Qc1 40. Kg3 Qg1+ 41. Kh3 Qh1+ 42. Kg3 Qg1+ 43. Kh3 Qh1+ 44. Kg3 Qg1+ 45. Kh3
1/2-1/2

[Event "Vårsjakken i Tromsø NGP 2025"]
[Site "Kongsbakken"]
[Date "2025.03.22"]
[Round "5"]
[White "Atoyan, Vahe"]
[Black "Andersen, Daniel H."]
[Result "0-1"]
[WhiteElo "1866"]
[BlackElo "1673"]
[PlyCount "81"]
[EventDate "2025.??.??"]

1. c4 Nf6 2. Nc3 g6 3. g3 Bg7 4. Bg2 e5 5. Nf3 Nc6 6. O-O d5 7. cxd5 Nxd5 8.
Ne1 Nxc3 9. bxc3 O-O 10. Ba3 Re8 11. e4 Be6 12. f4 Qd7 13. fxe5 Nxe5 14. d4 Nc4
15. Bc1 Bh3 16. Bxh3 Qxh3 17. Qd3 Qe6 18. Ng2 b5 19. e5 c5 20. Bg5 h6 21. Bf6
Bxf6 22. Rxf6 Qd7 23. Qe4 Rad8 24. Nf4 cxd4 25. e6 dxc3 26. Qxc4 Rxe6 27. Qxc3
Rc8 28. Qb2 Re4 29. Rf1 Rec4 30. Qe5 Rc2 31. Rd6 Qc7 32. Nxg6 fxg6 33. Qd5+ Kh8
34. Qd4+ Kg8 35. Rxg6+ Kh7 36. Qf6 Qc5+ 37. Kh1 Qd5+ 38. Rf3 Rc1+ 39. Kg2 R8c2+
40. Kh3 Qh5+ 41. Qh4 0-1

[Event "Vårsjakken i Tromsø NGP 2025"]
[Site "Kongsbakken"]
[Date "2025.03.23"]
[Round "6"]
[White "Røyset, Pål"]
[Black "Schouten, Mathias L."]
[Result "1/2-1/2"]
[WhiteElo "2094"]
[BlackElo "2279"]
[PlyCount "121"]
[EventDate "2025.??.??"]

1. e4 c6 2. d4 d5 3. exd5 cxd5 4. Bd3 Nc6 5. c3 Qc7 6. Ne2 e5 7. dxe5 Nxe5 8.
Bf4 Bd6 9. O-O Nf6 10. Nd4 Nxd3 11. Bxd6 Qxd6 12. Qxd3 O-O 13. Nd2 Re8 14. Rfe1
Bd7 15. h3 h6 16. Rxe8+ Rxe8 17. N2f3 Ne4 18. Re1 Qg6 19. Re2 Re7 20. Qe3 Kh7
21. Qf4 f6 22. Kh2 Qe8 23. Nd2 Nxd2 24. Rxe7 Qxe7 25. Qxd2 Qe4 26. Qc2 Kg8 27.
Qxe4 dxe4 28. h4 Kf7 29. Nb3 g5 30. Nd2 f5 31. hxg5 hxg5 32. g4 Kf6 33. gxf5
Kxf5 34. Kg3 Be6 35. a3 Ke5 36. Nf1 Kd5 37. Nd2 b6 38. Kg2 Bg4 39. Kg3 Be2 40.
Kh3 Ke5 41. Kg3 Kd5 42. Kh3 a5 43. Kg3 a4 44. Kh3 Ke5 45. Kg3 Kf5 46. Nb1 Bf1
47. Nd2 Bd3 48. b3 b5 49. bxa4 bxa4 50. c4 Ke5 51. c5 Kd5 52. Kg4 Kxc5 53. Kxg5
Kd4 54. Kf4 Be2 55. Nxe4 Kc4 56. Ke5 Kb3 57. f4 Kxa3 58. Nc3 Bg4 59. f5 Bxf5
60. Kxf5 Kb3 61. Nxa4 1/2-1/2

[Event "Vårsjakken i Tromsø NGP 2025"]
[Site "Kongsbakken"]
[Date "2025.03.23"]
[Round "6"]
[White "Tørfoss, Sivert S."]
[Black "Andersen, Daniel H."]
[Result "1-0"]
[WhiteElo "2141"]
[BlackElo "1673"]
[PlyCount "107"]
[EventDate "2025.??.??"]

1. d4 Nf6 2. Nf3 g6 3. g3 Bg7 4. Bg2 d5 5. c4 O-O 6. O-O dxc4 7. Na3 c6 8. Nxc4
Be6 9. b3 Na6 10. Ng5 Bxc4 11. bxc4 e6 12. Rb1 Qd7 13. Qb3 Qxd4 14. Be3 Qd7 15.
Rfd1 Qc7 16. Qxb7 Qxb7 17. Rxb7 Ng4 18. Bxa7 Ne5 19. c5 Rfd8 20. Rxd8+ Rxd8 21.
h3 h6 22. Ne4 Rd1+ 23. Kh2 Ra1 24. Nd6 g5 25. f4 gxf4 26. gxf4 Ng6 27. Bxc6
Nxf4 28. Bb5 Rxa2 29. c6 Nd5 30. Nxf7 Nac7 31. Bc4 Rc2 32. Bxd5 Nxd5 33. Nd8
Rxe2+ 34. Kg1 Re1+ 35. Kf2 Rc1 36. Nxe6 Be5 37. Nd8 Bf6 38. Rd7 Rc2+ 39. Kf3
Bxd8 40. Rxd8+ Kf7 41. Rxd5 Rxc6 42. Be3 Rg6 43. Rd7+ Kg8 44. Kf4 Ra6 45. Kg4
Re6 46. Bf4 Rc6 47. Kh5 Rc3 48. h4 Rc6 49. Bxh6 Ra6 50. Bf4 Rc6 51. Kg5 Ra6 52.
Be5 Re6 53. Bf6 Ra6 54. Kg6 1-0

[Event "Vårsjakken i Tromsø NGP 2025"]
[Site "Kongsbakken"]
[Date "2025.03.23"]
[Round "6"]
[White "Wiger-Nordås, Felix"]
[Black "Bakke, Oskar"]
[Result "0-1"]
[WhiteElo "2058"]
[BlackElo "1721"]
[PlyCount "120"]
[EventDate "2025.??.??"]

1. e4 e5 2. Nf3 Nc6 3. Bb5 a6 4. Ba4 b5 5. Bb3 Na5 6. Nc3 Nxb3 7. axb3 Bb7 8.
O-O d6 9. d4 exd4 10. Nxd4 Nf6 11. Bg5 h6 12. Bh4 Be7 13. Nf5 O-O 14. Qf3 b4
15. Qg3 Nh5 16. Nxe7+ Qxe7 17. Bxe7 Nxg3 18. hxg3 Rfe8 19. Nd5 Bxd5 20. exd5
Rxe7 21. Rfe1 Kf8 22. Kf1 Rxe1+ 23. Rxe1 Re8 24. Ra1 Re5 25. Ra5 c5 26. Rxa6
Rxd5 27. Ke2 Re5+ 28. Kd2 Rd5+ 29. Kc1 Ke7 30. Ra4 Rh5 31. Kd2 Rh2 32. c3 Rxg2
33. Ke3 Rg1 34. cxb4 cxb4 35. Rxb4 Rb1 36. Re4+ Kd7 37. Rf4 f6 38. Rb4 Ke6 39.
Re4+ Kd7 40. Rb4 g5 41. Ke4 Rxb2 42. f4 Rg2 43. Kf3 Rg1 44. Rb7+ Ke6 45. Rh7
Kf5 46. Rxh6 g4+ 47. Kf2 Rb1 48. Rh8 Rxb3 49. Re8 Rb2+ 50. Kf1 d5 51. Re7 d4
52. Re8 d3 53. Re3 Rb1+ 54. Re1 Rxe1+ 55. Kxe1 Ke4 56. Kd2 f5 57. Ke1 Kf3 58.
Kf1 d2 59. Kg1 d1=Q+ 60. Kh2 Qe2+ 0-1

[Event "Vårsjakken i Tromsø NGP 2025"]
[Site "Kongsbakken"]
[Date "2025.03.23"]
[Round "6"]
[White "Halvorsen, Benjamin"]
[Black "Hammari, Vinjar"]
[Result "0-1"]
[WhiteElo "1966"]
[BlackElo "2029"]
[PlyCount "112"]
[EventDate "2025.??.??"]

1. e4 e5 2. Nf3 Nc6 3. Bc4 Nf6 4. d3 Bc5 5. c3 d6 6. h3 a5 7. a4 O-O 8. O-O Ba7
9. Re1 Be6 10. Bxe6 fxe6 11. Be3 Bxe3 12. Rxe3 Qd7 13. Nbd2 Rae8 14. Nc4 b6 15.
Qe2 Ne7 16. Nh4 Kh8 17. Rg3 Rg8 18. d4 exd4 19. e5 Nf5 20. Nxf5 exf5 21. cxd4
Ne4 22. Re3 d5 23. Nd2 c5 24. Rb3 cxd4 25. Nf3 Qc7 26. Qd1 Nc5 27. Rc1 Rb8 28.
Ra3 Rbd8 29. Qxd4 Rge8 30. Re3 Qc6 31. Ng5 Kg8 32. b3 Qg6 33. f4 h6 34. Nf3 Kh7
35. Nd2 Rb8 36. Kh2 Ne6 37. Qxd5 Red8 38. Qc6 Rxd2 39. Rg3 Qf7 40. Qf3 Rbd8 41.
Qe3 R8d3 42. Qxd3 Rxd3 43. Rxd3 Nxf4 44. Rf3 Qd5 45. Re1 Nxg2 46. Kxg2 g5 47.
Kf2 g4 48. hxg4 fxg4 49. Rfe3 Qe6 50. Rd1 h5 51. Rd6 Qf5+ 52. Ke2 g3 53. e6 g2
54. e7 g1=Q 55. e8=Q Qg2+ 56. Kd1 Qgc2+ 0-1

[Event "Vårsjakken i Tromsø NGP 2025"]
[Site "Kongsbakken"]
[Date "2025.03.23"]
[Round "6"]
[White "Gulljord, Birk"]
[Black "Solbu, August"]
[Result "0-1"]
[WhiteElo "1876"]
[BlackElo "1873"]
[PlyCount "131"]
[EventDate "2025.??.??"]

1. d4 d5 2. c4 e6 3. Nf3 Nf6 4. g3 Bb4+ 5. Bd2 Bd6 6. Bg2 c6 7. Qc2 O-O 8. O-O
Nbd7 9. Rd1 Re8 10. Bf4 Bxf4 11. gxf4 dxc4 12. Qxc4 Nd5 13. e3 Qe7 14. Nbd2
N7b6 15. Qc2 Bd7 16. Rac1 Rec8 17. Ne4 Be8 18. Neg5 g6 19. Ne4 Nd7 20. Ne5 N7f6
21. Nc5 b6 22. Ncd3 Qd6 23. a3 Rc7 24. Nc4 Qd8 25. b4 Rac8 26. Nde5 Qe7 27. Nd3
Qd8 28. e4 Ne7 29. Nde5 Nh5 30. Qd2 f6 31. Ng4 Rd7 32. Qe3 c5 33. d5 exd5 34.
exd5 Nf5 35. Qh3 Nxf4 36. Qf3 Nxg2 37. Qxg2 cxb4 38. Re1 Bf7 39. axb4 Kg7 40.
Nce3 Nxe3 41. Nxe3 Rxc1 42. Rxc1 Bxd5 43. Qg3 Be6 44. Qf4 Bd5 45. Ng4 Ba8 46.
Re1 Rd1 47. Qh6+ Kh8 48. Qe3 Rxe1+ 49. Qxe1 Bf3 50. Ne3 Qd7 51. Qa1 Kg7 52. Qc3
Bb7 53. b5 h5 54. Nf1 Qd5 55. Qc7+ Kh6 56. Qf4+ Qg5+ 57. Qxg5+ Kxg5 58. Nd2 Bd5
59. Nb1 Bc4 60. Nc3 Kf4 61. Kg2 g5 62. h3 f5 63. Kh2 Kf3 64. Kg1 h4 65. Nd5
Bxd5 66. Kh2 0-1

[Event "Vårsjakken i Tromsø NGP 2025"]
[Site "Kongsbakken"]
[Date "2025.03.23"]
[Round "6"]
[White "Remman, Frank"]
[Black "Atoyan, Vahe"]
[Result "1-0"]
[WhiteElo "1859"]
[BlackElo "1866"]
[PlyCount "89"]
[EventDate "2025.??.??"]

1. d4 Nf6 2. c4 d6 3. Nf3 g6 4. g3 Bg7 5. Bg2 O-O 6. Nc3 c5 7. O-O Nc6 8. d5
Nb8 9. h3 Nbd7 10. e4 Nb6 11. Nd2 Ne8 12. Qc2 f5 13. Rb1 f4 14. Ne2 fxg3 15.
fxg3 Nc7 16. Nf3 Nd7 17. Bf4 b5 18. b4 bxc4 19. b5 Nb6 20. a4 a5 21. Nd2 c3 22.
Nxc3 Bb7 23. Ne2 e6 24. dxe6 Nxe6 25. Be3 Qe7 26. Nc4 Nxc4 27. Qxc4 Kh8 28.
Rbd1 Ng5 29. Nc3 Rad8 30. Nd5 Bxd5 31. Qxd5 Ne6 32. Rxf8+ Bxf8 33. Bd2 Nc7 34.
Qd3 Bg7 35. Bxa5 Bd4+ 36. Kh2 Ra8 37. Qd2 Be5 38. Bf1 Ne6 39. Bc3 Rxa4 40.
Bxe5+ dxe5 41. Qd5 Qf6 42. Bg2 Rb4 43. Rf1 Qe7 44. Qxe5+ Kg8 45. Rf6 1-0

[Event "Vårsjakken i Tromsø NGP 2025"]
[Site "Kongsbakken"]
[Date "2025.03.23"]
[Round "7"]
[White "Schouten, Mathias L."]
[Black "Solbu, August"]
[Result "1-0"]
[WhiteElo "2279"]
[BlackElo "1873"]
[PlyCount "41"]
[EventDate "2025.??.??"]

1. d4 d5 2. c4 e6 3. Nf3 Nf6 4. g3 Bb4+ 5. Bd2 Bd6 6. Bg2 c6 7. Qc2 O-O 8. O-O
Nbd7 9. Rd1 Re8 10. Nc3 dxc4 11. e4 e5 12. dxe5 Nxe5 13. Bf4 Qc7 14. Rxd6 Qxd6
15. Nxe5 Rxe5 16. Rd1 Qe7 17. Bxe5 Qxe5 18. Rd8+ Ne8 19. Bh3 Bxh3 20. Rxa8 Qc7
21. Rxe8# 1-0

[Event "Vårsjakken i Tromsø NGP 2025"]
[Site "Kongsbakken"]
[Date "2025.03.23"]
[Round "7"]
[White "Halvorsen, Benjamin"]
[Black "Tørfoss, Sivert S."]
[Result "0-1"]
[WhiteElo "1966"]
[BlackElo "2141"]
[PlyCount "60"]
[EventDate "2025.??.??"]

1. e4 e5 2. Nf3 Nc6 3. Bc4 Bc5 4. c3 Nf6 5. d3 O-O 6. a4 d5 7. exd5 Nxd5 8. O-O
Bf5 9. Re1 Nb6 10. Bb5 Ne7 11. a5 c6 12. axb6 cxb5 13. bxa7 Bxa7 14. Be3 Bxe3
15. Rxa8 Bxf2+ 16. Kxf2 Qxa8 17. Rxe5 Qd8 18. Rxb5 Qd7 19. Nd4 Bg6 20. Qf3 Nc6
21. Rd5 Qc7 22. Nxc6 bxc6 23. Rd4 Re8 24. Nd2 Qe5 25. Ne4 f5 26. Nf6+ gxf6 27.
Qd1 Qe3+ 28. Kf1 Bh5 29. Qb3+ Kh8 30. g3 Qf3+ 0-1

[Event "Vårsjakken i Tromsø NGP 2025"]
[Site "Kongsbakken"]
[Date "2025.03.23"]
[Round "7"]
[White "Hoel Andersen, Daniel"]
[Black "Røyset, Pål"]
[Result "0-1"]
[WhiteElo "1673"]
[BlackElo "2094"]
[PlyCount "46"]
[EventDate "2025.??.??"]

1. e4 c5 2. c3 d5 3. exd5 Qxd5 4. d4 Nf6 5. Nf3 Bg4 6. dxc5 Qxc5 7. Be3 Qc7 8.
Na3 Nc6 9. Nb5 Qb8 10. Qa4 Bd7 11. Rd1 a6 12. Nbd4 e5 13. Nxc6 Bxc6 14. Qb3 Be7
15. Ng5 O-O 16. Bc4 Qe8 17. O-O h6 18. Nh3 Ng4 19. Bb6 Ba4 20. Bxf7+ Rxf7 21.
Qe6 Bxd1 22. Rxd1 Qc6 23. Qxg4 Qxb6 0-1

[Event "Vårsjakken i Tromsø NGP 2025"]
[Site "Kongsbakken"]
[Date "2025.03.23"]
[Round "7"]
[White "Gulljord, Birk"]
[Black "Wiger-Nordås, Felix"]
[Result "1/2-1/2"]
[WhiteElo "1876"]
[BlackElo "2058"]
[PlyCount "164"]
[EventDate "2025.??.??"]

1. d4 Nf6 2. c4 g6 3. Nf3 Bg7 4. g3 O-O 5. Bg2 d6 6. O-O Bf5 7. Nc3 Ne4 8. h3
Nxc3 9. bxc3 Be4 10. Be3 c6 11. Qd2 Re8 12. Bh6 Bh8 13. Qf4 Bxf3 14. Qxf3 Nd7
15. Rab1 Qc7 16. Qd3 Rab8 17. e4 c5 18. f4 Nb6 19. f5 cxd4 20. fxg6 hxg6 21. e5
Qxc4 22. Qxc4 Nxc4 23. Bd5 Nxe5 24. cxd4 e6 25. dxe5 exd5 26. exd6 Be5 27. Bf4
Bxf4 28. Rxf4 Re6 29. Rbf1 Rf8 30. Rb1 Rxd6 31. Rxb7 d4 32. Rf2 d3 33. Rd2 Rc8
34. Rbb2 Rc3 35. Kf2 Rc1 36. Rb3 Rf6+ 37. Ke3 Rg1 38. Rbxd3 Rxg3+ 39. Ke2 Rg2+
40. Kd1 Rxd2+ 41. Rxd2 Rf3 42. Rh2 g5 43. Rg2 f6 44. h4 Rf5 45. hxg5 fxg5 46.
Ke2 Kg7 47. Rg4 Kg6 48. Ra4 Rf7 49. Ra3 g4 50. Ra5 Kh6 51. Rc5 Kg6 52. Ra5 Kf6
53. Kf2 Ke6+ 54. Kg3 Rg7 55. Ra4 Kd5 56. Rxg4 Rb7 57. Ra4 Kc5 58. Kf3 Kb5 59.
Rd4 Re7 60. Re4 Rh7 61. Kg3 a5 62. a4+ Kc5 63. Kf3 Kd5 64. Rg4 Kc5 65. Ke3 Rd7
66. Rh4 Rd1 67. Ke2 Rd5 68. Ke3 Rd7 69. Rg4 Rd1 70. Ke2 Rd4 71. Rxd4 Kxd4 72.
Kd2 Kc4 73. Kc2 Kb4 74. Kb2 Kxa4 75. Ka2 Kb4 76. Kb2 a4 77. Ka2 a3 78. Ka1 Ka4
79. Ka2 Kb4 80. Ka1 Kb3 81. Kb1 a2+ 82. Ka1 Ka3 1/2-1/2

[Event "Vårsjakken i Tromsø NGP 2025"]
[Site "Kongsbakken"]
[Date "2025.03.23"]
[Round "7"]
[White "Hammari, Vinjar"]
[Black "Remman, Frank"]
[Result "1/2-1/2"]
[WhiteElo "2029"]
[BlackElo "1859"]
[PlyCount "82"]
[EventDate "2025.??.??"]

1. e4 c5 2. Nc3 g6 3. d4 cxd4 4. Qxd4 Nf6 5. Qa4 Nc6 6. Nf3 h5 7. e5 Ng4 8. Bf4
Bg7 9. Qe4 Qb6 10. Bc4 Qxf2+ 11. Kd1 Qxg2 12. Rf1 Qxf1+ 13. Bxf1 Nf2+ 14. Ke1
Nxe4 15. Nxe4 O-O 16. Bc4 Kh8 17. Kf2 f6 18. exf6 exf6 19. Nh4 Kh7 20. Bd6 Re8
21. Bf7 Re6 22. Bxg6+ Kg8 23. Bf5 Nd4 24. Bxe6+ dxe6 25. Bc5 Nc6 26. c3 Ne5 27.
Rd1 Bd7 28. Ng6 Ng4+ 29. Kg1 Be8 30. Nf4 e5 31. Ne6 Bc6 32. Ng3 Re8 33. Nxg7
Kxg7 34. Nxh5+ Kg6 35. Ng3 f5 36. Rd6+ Kg5 37. h4+ Kf4 38. Bf2 e4 39. Ne2+ Kf3
40. Nd4+ Kf4 41. Ne2+ Kf3 1/2-1/2